The Calling of History: (Record no. 141589)

MARC details
000 -LEADER
fixed length control field 00644nam a22001937a 4500
005 - DATE AND TIME OF LATEST TRANSACTION
control field 20240905113806.0
010 ## - LCCN (DPL NO)
LC control number ENG-118819 ENG-141656
020 ## - INTERNATIONAL STANDARD BOOK NUMBER
International Standard Book Number 9788178244983
Terms of availability 595.00
035 ## - SYSTEM CONTROL NUMBER
System control number EN-102351
035 ## - SYSTEM CONTROL NUMBER
System control number EN-125188
037 ## - SOURCE OF ACQUISITION
Source of stock number/acquisition DBAD
082 ## - DEWEY DECIMAL CLASSIFICATION NUMBER
Classification number 907.202
100 ## - MAIN ENTRY--PERSONAL NAME
Personal name Chakrabarty, Dipesh
245 ## - TITLE STATEMENT
Title The Calling of History:
Remainder of title Sir Jadunath Sarkar and his Empire of Truth/
Statement of responsibility, etc By Dipesh Chakrabarty
260 ## - PUBLICATION, DISTRIBUTION, ETC. (IMPRINT)
Place of publication, distribution, etc Ranikhet
Name of publisher, distributor, etc Permanent Black
Date of publication, distribution, etc 2017
270 ## - ADDRESS
Address 'Himalyana' , Mall Road, Ranikhet Cantt
City Ranikhet
Postal code 263645
Electronic mail address perblack@gmail.com
300 ## - PHYSICAL DESCRIPTION
Extent 304p
Dimensions 22cm.(pb)
942 ## - ADDED ENTRY ELEMENTS (KOHA)
Source of classification or shelving scheme Dewey Decimal Classification
Item type English Books
Classification part 907.202
Call number suffix CHA
Holdings
Withdrawn status Lost status Not for loan Home library Current library Date acquired Source of acquisition Cost, normal purchase price Full call number Barcode Copy number Cost, replacement price Koha item type Collection code
      Central Library Central Library 05/09/2024 Delivery of Books Act Division 595.00 907.202 CHA EN-125188 1 595.00 English Books Non-fiction
      Diz Area Diz Area 21/06/2017 DBAD/PUB 595.00 907.202 CHA EN-102351 1 595.00 English Books  

© Delhi Public Library
Hit Counter
free hit counter